<?xml version="1.0" encoding="UTF-8"?>
<record
    xmlns:xsi="http://www.w3.org/2001/XMLSchema-instance"
    xsi:schemaLocation="http://www.loc.gov/MARC21/slim http://www.loc.gov/standards/marcxml/schema/MARC21slim.xsd"
    xmlns="http://www.loc.gov/MARC21/slim">

  <leader>03569cam a22005415i 4500</leader>
  <controlfield tag="001">21664309</controlfield>
  <controlfield tag="003">OSt</controlfield>
  <controlfield tag="005">20250925114116.0</controlfield>
  <controlfield tag="006">m    |o  d |      </controlfield>
  <controlfield tag="007">cr |||||||||||</controlfield>
  <controlfield tag="008">141210s2015    gw |||| o    |||| 0|eng  </controlfield>
  <datafield tag="010" ind1=" " ind2=" ">
    <subfield code="a">  2019740855</subfield>
  </datafield>
  <datafield tag="020" ind1=" " ind2=" ">
    <subfield code="a">9783319133058</subfield>
  </datafield>
  <datafield tag="024" ind1="7" ind2=" ">
    <subfield code="a">10.1007/978-3-319-13305-8</subfield>
    <subfield code="2">doi</subfield>
  </datafield>
  <datafield tag="035" ind1=" " ind2=" ">
    <subfield code="a">(DE-He213)978-3-319-13305-8</subfield>
  </datafield>
  <datafield tag="040" ind1=" " ind2=" ">
    <subfield code="a">DLC</subfield>
    <subfield code="b">eng</subfield>
    <subfield code="e">pn</subfield>
    <subfield code="e">rda</subfield>
    <subfield code="c">AIMIT LIBRARY</subfield>
  </datafield>
  <datafield tag="072" ind1=" " ind2="7">
    <subfield code="a">KJMV</subfield>
    <subfield code="2">bicssc</subfield>
  </datafield>
  <datafield tag="072" ind1=" " ind2="7">
    <subfield code="a">BUS087000</subfield>
    <subfield code="2">bisacsh</subfield>
  </datafield>
  <datafield tag="072" ind1=" " ind2="7">
    <subfield code="a">KJMV</subfield>
    <subfield code="2">thema</subfield>
  </datafield>
  <datafield tag="082" ind1="0" ind2="4">
    <subfield code="a">005.768 </subfield>
    <subfield code="2">1</subfield>
    <subfield code="b">SACA</subfield>
  </datafield>
  <datafield tag="100" ind1="1" ind2=" ">
    <subfield code="a">Sachs, Anna-Lena.</subfield>
    <subfield code="9">37611</subfield>
  </datafield>
  <datafield tag="245" ind1="1" ind2="0">
    <subfield code="a">Retail analytics :</subfield>
    <subfield code="b">integrated forecasting and inventory management for perishable products in retailing /</subfield>
    <subfield code="c">By Anna-Lena Sachs.</subfield>
  </datafield>
  <datafield tag="250" ind1=" " ind2=" ">
    <subfield code="a">1st ed. </subfield>
  </datafield>
  <datafield tag="264" ind1=" " ind2="1">
    <subfield code="a">Cham :</subfield>
    <subfield code="b">Springer International Publishing :</subfield>
    <subfield code="b">Imprint: Springer,</subfield>
    <subfield code="c">2015.</subfield>
  </datafield>
  <datafield tag="300" ind1=" " ind2=" ">
    <subfield code="a">xvii,111p. ;</subfield>
    <subfield code="b">PB.</subfield>
    <subfield code="c">23.5 cm</subfield>
  </datafield>
  <datafield tag="336" ind1=" " ind2=" ">
    <subfield code="a">text</subfield>
    <subfield code="b">txt</subfield>
    <subfield code="2">rdacontent</subfield>
  </datafield>
  <datafield tag="337" ind1=" " ind2=" ">
    <subfield code="a">computer</subfield>
    <subfield code="b">c</subfield>
    <subfield code="2">rdamedia</subfield>
  </datafield>
  <datafield tag="338" ind1=" " ind2=" ">
    <subfield code="a">online resource</subfield>
    <subfield code="b">cr</subfield>
    <subfield code="2">rdacarrier</subfield>
  </datafield>
  <datafield tag="347" ind1=" " ind2=" ">
    <subfield code="a">text file</subfield>
    <subfield code="b">PDF</subfield>
    <subfield code="2">rda</subfield>
  </datafield>
  <datafield tag="490" ind1="1" ind2=" ">
    <subfield code="a">Lecture Notes in Economics and Mathematical Systems,</subfield>
    <subfield code="x">0075-8442 ;</subfield>
    <subfield code="v">680</subfield>
  </datafield>
  <datafield tag="505" ind1="0" ind2=" ">
    <subfield code="a">Introduction -- Literature Review -- Safety Stock Planning under Causal Demand Forecasting -- The Data-Driven Newsvendor with Censored Demand Observations -- Data-Driven Order Policies with Censored Demand and Substitution -- Empirical Newsvendor Decisions under a Service Contract -- Conclusions.</subfield>
  </datafield>
  <datafield tag="520" ind1=" " ind2=" ">
    <subfield code="a">This book addresses the challenging task of demand forecasting and inventory management in retailing. It analyzes how information from point-of-sale scanner systems can be used to improve inventory decisions, and develops a data-driven approach that integrates demand forecasting and inventory management for perishable products, while taking unobservable lost sales and substitution into account in out-of-stock situations. Using linear programming, a new inventory function that reflects the causal relationship between demand and external factors such as price and weather is proposed. The book subsequently demonstrates the benefits of this new approach in numerical studies that utilize real data collected at a large European retail chain. Furthermore, the book derives an optimal inventory policy for a multi-product setting in which the decision-maker faces an aggregated service level target, and analyzes whether the decision-maker is subject to behavioral biases based on real data for bakery products.</subfield>
  </datafield>
  <datafield tag="588" ind1=" " ind2=" ">
    <subfield code="a">Description based on publisher-supplied MARC data.</subfield>
  </datafield>
  <datafield tag="650" ind1=" " ind2="0">
    <subfield code="a">Production management.</subfield>
    <subfield code="9">37612</subfield>
  </datafield>
  <datafield tag="650" ind1=" " ind2="0">
    <subfield code="a">Operations research.</subfield>
    <subfield code="9">37613</subfield>
  </datafield>
  <datafield tag="650" ind1=" " ind2="0">
    <subfield code="a">Decision making.</subfield>
    <subfield code="9">37614</subfield>
  </datafield>
  <datafield tag="650" ind1=" " ind2="0">
    <subfield code="a">Management science.</subfield>
    <subfield code="9">37615</subfield>
  </datafield>
  <datafield tag="650" ind1=" " ind2="0">
    <subfield code="a">Sales management.</subfield>
    <subfield code="9">37616</subfield>
  </datafield>
  <datafield tag="650" ind1="1" ind2="4">
    <subfield code="a">Operations Management.</subfield>
    <subfield code="0">https://scigraph.springernature.com/ontologies/product-market-codes/519000</subfield>
    <subfield code="9">37617</subfield>
  </datafield>
  <datafield tag="650" ind1="2" ind2="4">
    <subfield code="a">Operations Research/Decision Theory.</subfield>
    <subfield code="0">https://scigraph.springernature.com/ontologies/product-market-codes/521000</subfield>
    <subfield code="9">37618</subfield>
  </datafield>
  <datafield tag="650" ind1="2" ind2="4">
    <subfield code="a">Operations Research, Management Science.</subfield>
    <subfield code="0">https://scigraph.springernature.com/ontologies/product-market-codes/M26024</subfield>
    <subfield code="9">37619</subfield>
  </datafield>
  <datafield tag="650" ind1="2" ind2="4">
    <subfield code="a">Sales/Distribution.</subfield>
    <subfield code="0">https://scigraph.springernature.com/ontologies/product-market-codes/524000</subfield>
    <subfield code="9">37620</subfield>
  </datafield>
  <datafield tag="776" ind1="0" ind2="8">
    <subfield code="i">Printed edition:</subfield>
    <subfield code="z">9783319133065</subfield>
  </datafield>
  <datafield tag="776" ind1="0" ind2="8">
    <subfield code="i">Printed edition:</subfield>
    <subfield code="z">9783319133041</subfield>
  </datafield>
  <datafield tag="776" ind1="0" ind2="8">
    <subfield code="i">Printed edition:</subfield>
    <subfield code="z">9783030212650</subfield>
  </datafield>
  <datafield tag="830" ind1=" " ind2="0">
    <subfield code="a">Lecture Notes in Economics and Mathematical Systems,</subfield>
    <subfield code="x">0075-8442 ;</subfield>
    <subfield code="v">680</subfield>
    <subfield code="9">37621</subfield>
  </datafield>
  <datafield tag="942" ind1=" " ind2=" ">
    <subfield code="2">ddc</subfield>
    <subfield code="c">BK</subfield>
    <subfield code="e">1st</subfield>
    <subfield code="k">005.768 SACA</subfield>
  </datafield>
  <datafield tag="999" ind1=" " ind2=" ">
    <subfield code="c">222969</subfield>
    <subfield code="d">222969</subfield>
  </datafield>
  <datafield tag="952" ind1=" " ind2=" ">
    <subfield code="0">0</subfield>
    <subfield code="1">0</subfield>
    <subfield code="2">ddc</subfield>
    <subfield code="4">0</subfield>
    <subfield code="7">0</subfield>
    <subfield code="8">MCA</subfield>
    <subfield code="a">AIMIT</subfield>
    <subfield code="b">AIMIT</subfield>
    <subfield code="d">2022-03-24</subfield>
    <subfield code="g">1095.00</subfield>
    <subfield code="i">Bill no:6625; Bill dt:2022-03-23</subfield>
    <subfield code="l">0</subfield>
    <subfield code="o">005.768  SACA</subfield>
    <subfield code="p">MCA17103</subfield>
    <subfield code="r">2026-05-23 00:00:00</subfield>
    <subfield code="v">876.00</subfield>
    <subfield code="w">2022-05-17</subfield>
    <subfield code="y">BK</subfield>
  </datafield>
</record>
